000 00793nam a2200241Ia 4500
003 OSt
005 20220923220132.0
006 a|||||r|||| 00| 0
007 ta
008 220922b |||||||| |||| 00| 0 hin d
024 _a184,522
037 _cTextual
040 _aARTS
_cARTS
_bhin
041 _2hin
_ahin
082 _aO152,2:g(NT), L4
100 _aशर्मा, विश्वनाथ
245 0 _aहिन्दी रंगमंच का उद्भव और विकास
246 _aHindī rangahincha kā udbhav aur vikāsa
260 _aजोधपुर
_b उषा पब्लि0
_c1974
300 _a280 पृ.
_ccm.
942 _hO152,2:g(NT), L4
_cTEXL
_2CC
999 _c337806
_d337806